Normal view
MARC view
Entry Topical Term
001 - CONTROL NUMBER
- control field: 12644
003 - CONTROL NUMBER IDENTIFIER
- control field: ARRUPE
005 - DATE AND TIME OF LATEST TRANSACTION
- control field: 20141114114949.0
008 - FIXED-LENGTH DATA ELEMENTS
- fixed length control field: 141114|| aca||aabn | a|a d
040 ## - CATALOGING SOURCE
- Original cataloging agency: ARRUPE
- Transcribing agency: ARRUPE
150 ## - HEADING--TOPICAL TERM
- Topical term or geographic name as entry element: Blacks
- Geographic subdivision: America
- General subdivision: History.
670 ## - SOURCE DATA FOUND
- Source citation: Work cat.: (ARRUPE)0: Tannenbaum, Frank, 1893-1969. 12643, Slave and citizen,, 1947 [i.e. 1946]